000 01076naa a22003017a 4500
001 BR9509829
003 BR-BrBNA
005 20240918181524.0
007 ta
008 230509b bl.||||| |||| 00| 0 por d
040 _aBR-BrBNA
_bpor
_cBiblioteca Nacional de Agricultura
041 _a(Pt)
072 _aF30; E16
_b3240
_b3140
090 _aF30 BR9509829
100 1 _aMoura, V.P.G.
111 1 _a7. Simposio sobre o Cerrado
_cBrasilia, DF (Brazil)
_d4-7 Apr 1989
245 1 _aA pesquisa com Eucalyptus e Pinus na regiao dos cerrados
260 3 _aPlanaltina, DF (Brasil):
_c1995.
500 _a7. Simposio sobre o Cerrado. Estrategias de utilizacao. Anais Planaltina, DF (Brasil): 1995. p. 183-197 (BR9509829-AM)F30
650 _aEucalipto
650 _aPinheiro
650 _aProdutividade
650 _aCaracteristicas Agronomicas
650 _aCerrado
773 0 _t7. Simposio sobre o Cerrado. Estrategias de utilizacao. Anais
_wF30 BR9509829
_gPlanaltina, DF (Brasil), 1995. p. 183-197
909 _a202404
_bLucia
_c55
_dLucia Elande
942 _cAM
_2AGRIS
999 _c325654
_d325654